000
00298nam a2200109Ia 4500
008
200302s9999 xx 000 0 und d
100
_a
Erice Howeler
245
_a
Skyscraper Designs of the Recent Past and for the Near Future
260
_b
Thames and Hudson Ltd.
260
_c
2002
300
_a
239 P.,
999
_c
2833
_d
2833